Communicating with customers /

This book is about: The service society; Non-verbal; Transactional analysis; Assertively communicationg with customers; ...

Сохранить в:
Библиографические подробности
Главный автор: Eunson, Baden.
Формат:
Язык:English
Опубликовано: Milton, Qld. : John Wiley and Sons, 1995.
Предметы:
Метки: Добавить метку
Нет меток, Требуется 1-ая метка записи!
Thư viện lưu trữ: Mạng thư viện Đại học Đà Nẵng
LEADER 01025cam a2200361 i 4500
001 000048569
003 8291
005 20030313091702.0
008 010322|1995 vm 000 eng
020 |a 0471335622 
040 |a IRC  |c IRC  |d IRC 
041 0 |a eng 
082 1 4 |a 658.812  |b EU-B 
100 1 |a Eunson, Baden. 
245 0 0 |a Communicating with customers /  |c Baden Eunson. 
260 |a Milton, Qld. :  |b John Wiley and Sons,  |c 1995. 
300 |a v, 162 p. :  |b ill. ;  |c 28cm. 
520 3 |a This book is about: The service society; Non-verbal; Transactional analysis; Assertively communicationg with customers; ... 
630 0 4 |a Communication. 
630 0 4 |a Customer services. 
650 0 4 |a Customer relations. 
650 0 4 |a Customer services. 
650 0 4 |a Communication. 
OWN |a DUT 
999 |a From the UDN01 
TYP |a Monograph 
TYP |a Printed language 
980 |a Mạng thư viện Đại học Đà Nẵng